[Event "Chess.com SIG Bullet KO"]
[Site "chess.com INT"]
[Date "2021.04.06"]
[Round "1.1"]
[White "Tang, Andrew"]
[Black "Nihal, Sarin"]
[Result "0-1"]
[WhiteTitle "GM"]
[BlackTitle "GM"]
[WhiteElo "2538"]
[BlackElo "2620"]
[WhiteFideId "2059630"]
[BlackFideId "25092340"]
[EventDate "2021.04.06"]

1. d4 d5 2. Nf3 Nf6 3. Bf4 c5 4. e3 Nc6 5. Nbd2 cxd4 6. exd4 Bf5 7. c3 e6 8. Qb3
Qc8 9. Nh4 Bg6 10. Nxg6 hxg6 11. Bd3 Be7 12. O-O Qd7 13. Rfe1 Bd6 14. Bxd6 Qxd6
15. Nf3 O-O 16. Qc2 Rac8 17. Qd2 a6 18. a4 Na5 19. Qg5 Nc4 20. Re2 Qb6 21. Qh4
Nd6 22. Ne5 Nf5 23. Bxf5 exf5 24. Rae1 Qa5 25. Re3 Qxa4 26. Nf3 Rfe8 27. Ne5 Qc2
28. R3e2 Qb3 29. h3 a5 30. Qf4 a4 31. Ra1 a3 32. Qc1 axb2 33. Rxb2 Qxc3 34. Qxc3
Rxc3 35. Rxb7 Ne4 36. f3 Ng3 37. Raa7 Rc1+ 38. Kf2 f4 0-1

[Event "Chess.com SIG Bullet KO"]
[Site "chess.com INT"]
[Date "2021.04.06"]
[Round "1.2"]
[White "Nihal, Sarin"]
[Black "Tang, Andrew"]
[Result "0-1"]
[WhiteTitle "GM"]
[BlackTitle "GM"]
[WhiteElo "2620"]
[BlackElo "2538"]
[WhiteFideId "25092340"]
[BlackFideId "2059630"]
[EventDate "2021.04.06"]

1. d4 d5 2. Nf3 Nf6 3. e3 e6 4. Nbd2 c5 5. Bd3 Nc6 6. O-O Qc7 7. c3 Be7 8. Qe2
O-O 9. dxc5 Bxc5 10. e4 h6 11. h3 a6 12. e5 Nh5 13. Nb3 Ba7 14. Re1 f6 15. exf6
Rxf6 16. Nbd4 Bd7 17. Ne5 Nf4 18. Bxf4 Nxd4 19. Qg4 Nc6 20. Nxd7 Qxd7 21. Be3
Ne5 22. Qe2 Bxe3 23. Qxe3 Nxd3 24. Qxd3 Raf8 25. Re2 Qf7 26. f3 Qh5 27. Rae1 Qf7
28. Re5 Rd8 29. a3 Rd6 30. Qe3 Qd7 31. Qc5 Kf7 32. Qd4 Rc6 33. Qd3 Rd6 34. Kh1
Qc7 35. Qd4 Rc6 36. Qa7 Rb6 37. R5e2 Rg6 38. a4 Kg8 39. a5 Rc6 40. Qd4 Kh7 41.
Qd3 Qf7 42. Re5 Kg8 43. Qd4 Rf6 44. Qe3 Qc7 45. Qe2 Qxa5 46. Re3 Qc7 47. Rd3 Qf7
48. Qd2 Rc4 49. Rd1 Rc6 50. b3 h5 51. c4 g6 52. cxd5 exd5 53. Rxd5 Rfe6 54. Rd8+
Kg7 55. Qd4+ Kh6 56. Rd7 Qf6 57. Qd2+ g5 58. Rd5 h4 59. Qd3 Qf4 60. Rd8 Rg6 61.
Rh8+ Kg7 62. Rd8 Kh6 63. Rd7 Rcf6 64. Qf1 Qf5 65. R7d2 g4 66. Rd8 gxf3 67. Rh8+
Kg7 68. Rdd8 fxg2+ 69. Qxg2 Qf1+ 70. Qxf1 Rxf1+ 71. Kh2 Rf2+ 72. Kh1 Rf1+ 73.
Kh2 Kf6 74. Rdg8 Ke5 75. Rf8 Rg2+ 0-1

[Event "Chess.com SIG Bullet KO"]
[Site "chess.com INT"]
[Date "2021.04.06"]
[Round "1.3"]
[White "Tang, Andrew"]
[Black "Nihal, Sarin"]
[Result "0-1"]
[WhiteTitle "GM"]
[BlackTitle "GM"]
[WhiteElo "2538"]
[BlackElo "2620"]
[WhiteFideId "2059630"]
[BlackFideId "25092340"]
[EventDate "2021.04.06"]

1. d4 d5 2. Bf4 c5 3. e4 dxe4 4. d5 Nf6 5. Nc3 g6 6. Nb5 Na6 7. d6 Be6 8. dxe7
Bxe7 9. Nd6+ Kf8 10. Qd2 Qb6 11. O-O-O Rd8 12. Be5 Nb4 13. a3 Nc6 14. Qh6+ Kg8
15. Bc3 Nd4 16. Nc4 Nb3+ 17. cxb3 Rxd1+ 18. Kxd1 Qxb3+ 19. Kc1 Bxc4 20. Be2 Bd3
21. Bd1 Qa2 22. Nh3 b5 23. Qf4 Qe6 24. Ng5 Qf5 25. Qb8+ Kg7 26. h4 Rxb8 0-1

[Event "Chess.com SIG Bullet KO"]
[Site "chess.com INT"]
[Date "2021.04.06"]
[Round "1.4"]
[White "Nihal, Sarin"]
[Black "Tang, Andrew"]
[Result "1-0"]
[WhiteTitle "GM"]
[BlackTitle "GM"]
[WhiteElo "2620"]
[BlackElo "2538"]
[WhiteFideId "25092340"]
[BlackFideId "2059630"]
[EventDate "2021.04.06"]

1. d4 d5 2. Nf3 Nf6 3. e3 e6 4. Nbd2 c5 5. Bd3 Nc6 6. O-O Qc7 7. c3 Be7 8. Qe2
O-O 9. dxc5 Bxc5 10. e4 a6 11. Re1 Ba7 12. h3 Rd8 13. e5 Nh5 14. Nb3 f6 15. Nfd4
Qf7 16. Nxc6 bxc6 17. Nd4 Bd7 18. exf6 Nxf6 19. Bg5 Re8 20. Nf3 Qh5 21. Be3 Bb8
22. Bd4 Rf8 23. Ne5 Qe8 24. Rad1 Bd6 25. b4 a5 26. a3 axb4 27. axb4 Qe7 28. Qc2
Rae8 29. Re3 c5 30. bxc5 Bxc5 31. Rde1 Rc8 32. Qe2 Bxd4 33. cxd4 Rce8 34. Rg3
Qb4 35. Qe3 Re7 36. Rd1 Be8 37. Ng4 Nxg4 38. hxg4 Bg6 39. Bxg6 hxg6 40. Re1 Qd6
41. Rf1 Ref7 42. Rf3 Rf4 43. Rxf4 Qxf4 44. Qxe6+ Kh7 45. Qxd5 Qxg4 46. g3 Rf4
47. Kg2 Rf5 48. Rh1+ Rh5 49. Rxh5+ gxh5 50. Qf3 Qxd4 51. Qxh5+ Kg8 52. Qe8+ Kh7
53. Qe2 Qd5+ 54. Qf3 Qd6 55. Qe4+ Kg8 56. f4 Qd2+ 57. Kf3 Qd1+ 58. Qe2 Qd5+ 59.
Kf2 Qd4+ 60. Qe3 Qb2+ 61. Kf3 Qb7+ 62. Qe4 Qb3+ 63. Kg4 Qd1+ 64. Kg5 Qd7 65. Qe5
Qd8+ 66. Kf5 Qd7+ 67. Ke4 Qb5 68. g4 Qb4+ 69. Kf5 Qf8+ 70. Kg5 Qd8+ 71. Kf5 Qb6
72. Ke4 Qb4+ 73. Qd4 Qb7+ 74. Qd5+ Qxd5+ 75. Kxd5 Kf7 76. Ke5 1-0

[Event "Chess.com SIG Bullet KO"]
[Site "chess.com INT"]
[Date "2021.04.06"]
[Round "1.5"]
[White "Tang, Andrew"]
[Black "Nihal, Sarin"]
[Result "0-1"]
[WhiteTitle "GM"]
[BlackTitle "GM"]
[WhiteElo "2538"]
[BlackElo "2620"]
[WhiteFideId "2059630"]
[BlackFideId "25092340"]
[EventDate "2021.04.06"]

1. d4 d5 2. Bf4 c5 3. e4 dxe4 4. d5 Nf6 5. Nc3 g6 6. Nb5 Na6 7. d6 Be6 8. dxe7
Bxe7 9. Nd6+ Kf8 10. Qd2 Qb6 11. O-O-O Rd8 12. Be5 Nb4 13. a3 Nc6 14. Qh6+ Kg8
15. Bc3 Nd4 16. Nc4 Nb3+ 17. cxb3 Rxd1+ 18. Kxd1 Qxb3+ 19. Kc1 Bxc4 20. Be2 Bd3
21. Bd1 Qa2 22. Qf4 e3 23. Qxe3 Qb1+ 24. Kd2 Ne4+ 25. Ke1 Nxc3 26. bxc3 Bf6 27.
Ne2 Kg7 28. f3 Bxe2 29. Kxe2 Qb2+ 30. Kf1 Rd8 31. Qe1 Bxc3 32. Qe2 Rd2 0-1

[Event "Chess.com SIG Bullet KO"]
[Site "chess.com INT"]
[Date "2021.04.06"]
[Round "1.6"]
[White "Nihal, Sarin"]
[Black "Tang, Andrew"]
[Result "1-0"]
[WhiteTitle "GM"]
[BlackTitle "GM"]
[WhiteElo "2620"]
[BlackElo "2538"]
[WhiteFideId "25092340"]
[BlackFideId "2059630"]
[EventDate "2021.04.06"]

1. d4 d5 2. Nf3 e6 3. e3 Nf6 4. Nbd2 b6 5. Bd3 Bb7 6. O-O Nbd7 7. Qe2 Be7 8. a4
O-O 9. a5 c5 10. c3 Qc7 11. a6 Bc6 12. Re1 e5 13. e4 exd4 14. cxd4 dxe4 15. Nxe4
Nxe4 16. Bxe4 Bxe4 17. Qxe4 Bd6 18. Qb7 cxd4 19. Qxc7 Bxc7 20. Nxd4 Nc5 21. Nb5
Bd8 22. Bf4 Nd3 23. Bd6 Nxe1 24. Rxe1 Bf6 25. Bxf8 Kxf8 26. b3 Be7 27. g3 g6 28.
Rd1 Rc8 29. Nxa7 Rc2 30. Nb5 Ra2 31. a7 Ra5 32. Rd4 1-0

[Event "Chess.com SIG Bullet KO"]
[Site "chess.com INT"]
[Date "2021.04.06"]
[Round "1.7"]
[White "Tang, Andrew"]
[Black "Nihal, Sarin"]
[Result "1-0"]
[WhiteTitle "GM"]
[BlackTitle "GM"]
[WhiteElo "2538"]
[BlackElo "2620"]
[WhiteFideId "2059630"]
[BlackFideId "25092340"]
[EventDate "2021.04.06"]

1. d4 d5 2. Nf3 Bf5 3. Bf4 e6 4. e3 Bd6 5. Nbd2 Nf6 6. Ne5 O-O 7. g4 Be4 8. f3
Bg6 9. h4 h5 10. Bd3 Bxd3 11. cxd3 Nc6 12. Qe2 Nd7 13. Nxc6 bxc6 14. Bxd6 cxd6
15. gxh5 e5 16. dxe5 dxe5 17. Qg2 Qf6 18. Qg5 Rfe8 19. Rc1 Rac8 20. Rg1 Kh7 21.
Ke2 c5 22. Rg4 Rb8 23. b3 a5 24. Rcg1 Rg8 25. Ra4 Ra8 26. f4 exf4 27. Rxf4 Qxg5
28. hxg5 f6 29. Nf3 a4 30. Rxa4 Rxa4 31. bxa4 Ra8 32. Rg4 fxg5 33. Nxg5+ Kh6 34.
Ne6 Kxh5 35. Rxg7 Nf6 36. Nf4+ Kh4 37. Rg6 Nh5 38. Rh6 Rxa4 39. Rxh5+ Kg4 40.
Rxd5 Rxa2+ 41. Kd1 Kf3 42. Re5 Rh2 43. Ne6 Rh6 44. Nxc5 Kf2 45. Kd2 Kf3 46. Rf5+
Kg4 47. Rf4+ Kg5 48. Ne4+ Kh5 49. d4 Ra6 50. d5 Kg6 51. d6 Ra2+ 52. Ke1 Ra7 53.
Nc5 Ra1+ 54. Ke2 Ra2+ 55. Kf3 Rd2 56. Rd4 1-0

[Event "Chess.com SIG Bullet KO"]
[Site "chess.com INT"]
[Date "2021.04.06"]
[Round "1.8"]
[White "Nihal, Sarin"]
[Black "Tang, Andrew"]
[Result "0-1"]
[WhiteTitle "GM"]
[BlackTitle "GM"]
[WhiteElo "2620"]
[BlackElo "2538"]
[WhiteFideId "25092340"]
[BlackFideId "2059630"]
[EventDate "2021.04.06"]

1. d4 d5 2. Nf3 e6 3. e3 Nf6 4. Nbd2 b6 5. Bd3 Bb7 6. O-O Nbd7 7. Qe2 Bd6 8. e4
dxe4 9. Nxe4 Nxe4 10. Bxe4 Bxe4 11. Qxe4 O-O 12. Re1 Nf6 13. Qe2 c5 14. Be3 Qc7
15. h3 Rfd8 16. c3 h6 17. dxc5 Bxc5 18. Rad1 Rac8 19. Bxc5 Qxc5 20. Rxd8+ Rxd8
21. Rd1 Rd5 22. a3 Qd6 23. Rxd5 Qxd5 24. Qd2 Qe4 25. Qd8+ Kh7 26. Qd1 Nd5 27.
Kf1 Nf4 28. Ne1 Qc4+ 29. Kg1 f5 30. Qd2 Qe4 31. Kf1 e5 32. f3 Qc4+ 33. Kf2 Qc5+
34. Qe3 Qb5 35. b4 Qd5 36. h4 Qa2+ 37. Kf1 Qc4+ 38. Kf2 Qd5 39. g3 Ng6 40. h5
Ne7 41. Qd3 Qe6 42. g4 Kg8 43. Qd8+ Kf7 44. gxf5 Qxf5 45. Qc7 e4 46. Qxa7 Qxh5
47. Qxb6 Qh2+ 48. Kf1 Nf5 49. Qb7+ Kf6 50. Qc6+ Kg5 51. Qc5 e3 52. Nd3 Qh1+ 53.
Ke2 Qg2+ 54. Ke1 Qd2+ 55. Kf1 Qxd3+ 56. Kg2 Qe2+ 57. Kg1 Qxf3 58. Qe5 Qf2+ 59.
Kh1 e2 0-1

[Event "Chess.com SIG Bullet KO"]
[Site "chess.com INT"]
[Date "2021.04.06"]
[Round "1.9"]
[White "Tang, Andrew"]
[Black "Nihal, Sarin"]
[Result "1-0"]
[WhiteTitle "GM"]
[BlackTitle "GM"]
[WhiteElo "2538"]
[BlackElo "2620"]
[WhiteFideId "2059630"]
[BlackFideId "25092340"]
[EventDate "2021.04.06"]

1. d4 d5 2. Nf3 Bf5 3. Bf4 e6 4. e3 Nf6 5. Nbd2 Bd6 6. Ne5 O-O 7. g4 Be4 8. f3
Bg6 9. h4 h5 10. Bd3 Bxd3 11. cxd3 Nc6 12. Rc1 Nd7 13. Nxc6 bxc6 14. Bxd6 cxd6
15. Rxc6 Nf6 16. g5 Nh7 17. f4 Qd7 18. Rc3 Rfc8 19. O-O Rxc3 20. bxc3 Rc8 21.
Qc2 Nf8 22. Kg2 Ng6 23. Kg3 Ne7 24. Nf3 e5 25. dxe5 Qg4+ 26. Kf2 Nf5 27. Rg1 Qh3
28. exd6 Nxh4 29. Qe2 Ng6 30. c4 dxc4 31. dxc4 Qe6 32. Rd1 Rd8 33. c5 h4 34. Qd3
Qg4 35. Rg1 Qe6 36. f5 Qxa2+ 37. Qe2 Qxe2+ 38. Kxe2 Nf8 39. Ne5 f6 40. Nc6 Rd7
41. Ne7+ Kf7 42. gxf6 gxf6 43. Rg4 Rb7 44. Rxh4 Rb2+ 45. Kd3 Nd7 46. c6 Ne5+ 47.
Kc3 Rb6 48. Rh7+ Ke8 49. c7 1-0

[Event "Chess.com SIG Bullet KO"]
[Site "chess.com INT"]
[Date "2021.04.06"]
[Round "1.10"]
[White "Nihal, Sarin"]
[Black "Tang, Andrew"]
[Result "1-0"]
[WhiteTitle "GM"]
[BlackTitle "GM"]
[WhiteElo "2620"]
[BlackElo "2538"]
[WhiteFideId "25092340"]
[BlackFideId "2059630"]
[EventDate "2021.04.06"]

1. d4 d5 2. Nf3 e6 3. e3 Nf6 4. Nbd2 b6 5. Bd3 Bb7 6. O-O Nbd7 7. Qe2 Be7 8. e4
dxe4 9. Nxe4 O-O 10. Rd1 h6 11. a4 Qc8 12. c3 c5 13. dxc5 Nxc5 14. Nxc5 Qxc5 15.
Be3 Qc6 16. h3 Rfd8 17. Bb5 Qc7 18. Bd4 Nd5 19. Be5 Bd6 20. Rd4 Bxe5 21. Qxe5
Qe7 22. Re1 Rac8 23. Bc4 Nf6 24. Bb3 Rc5 25. Rxd8+ Qxd8 26. Qd4 Qc7 27. Ne5 Bd5
28. Bc2 Bb7 29. Ng4 Nxg4 30. hxg4 Rd5 31. Qe3 Qd8 32. b4 Rg5 33. f3 Qc7 34. Rd1
Re5 35. Qxe5 1-0

[Event "Chess.com SIG Bullet KO"]
[Site "chess.com INT"]
[Date "2021.04.06"]
[Round "1.11"]
[White "Tang, Andrew"]
[Black "Nihal, Sarin"]
[Result "0-1"]
[WhiteTitle "GM"]
[BlackTitle "GM"]
[WhiteElo "2538"]
[BlackElo "2620"]
[WhiteFideId "2059630"]
[BlackFideId "25092340"]
[EventDate "2021.04.06"]

1. d4 Nf6 2. Nf3 e6 3. Bf4 b6 4. e3 Bb7 5. Nbd2 Be7 6. h3 O-O 7. a4 c5 8. c3 a6
9. Be2 cxd4 10. exd4 d6 11. O-O Nbd7 12. Bh2 Re8 13. Nc4 Nf8 14. Re1 Ng6 15.
Nfd2 h6 16. Ne3 Nd5 17. Bd3 Ndf4 18. Bc2 Qc7 19. Qg4 f5 20. Qd1 Bg5 21. Nf3 Qc6
22. d5 Nxd5 23. Nxd5 Qxd5 24. Qe2 Bf4 25. Rad1 Qc6 26. Bb3 Bxh2+ 27. Kxh2 Ne5
28. Rg1 Qc7 29. Nd4 d5 30. Kh1 Ng6 31. Rge1 Qf7 32. Nxe6 Nf8 33. Rxd5 Bxd5 34.
Bxd5 Kh8 35. Bxa8 Rxe6 36. Qd1 Qe7 37. Rxe6 Nxe6 38. Bf3 Nc5 39. Qd4 Qf7 40. b4
Nxa4 41. Bd5 Qe7 42. Qc4 Qe1+ 43. Kh2 Qxc3 44. Qxa6 Qc7+ 45. g3 Qd8 46. Qa8 Qxa8
47. Bxa8 Nc3 48. Bd5 g5 49. Be6 Kg7 50. Bxf5 Kf6 51. Bd3 Na2 52. h4 Nxb4 53.
hxg5+ hxg5 54. Be2 g4 55. f4 gxf3 56. Bxf3 Kg5 57. Be2 Nc2 58. Kg2 Nd4 59. Kf2
Ne6 60. Ke3 Nc5 61. Kd4 Kf6 62. Kc4 Ke7 63. Kb5 Nd7 64. Bg4 Ne5 65. Bd7 Nc4 0-1

[Event "Chess.com SIG Bullet KO"]
[Site "chess.com INT"]
[Date "2021.04.06"]
[Round "1.12"]
[White "Nihal, Sarin"]
[Black "Tang, Andrew"]
[Result "0-1"]
[WhiteTitle "GM"]
[BlackTitle "GM"]
[WhiteElo "2620"]
[BlackElo "2538"]
[WhiteFideId "25092340"]
[BlackFideId "2059630"]
[EventDate "2021.04.06"]

1. d4 d5 2. Nf3 e6 3. e3 Nf6 4. Nbd2 b6 5. Bd3 Bb7 6. O-O Nbd7 7. Qe2 Be7 8. e4
dxe4 9. Nxe4 O-O 10. c3 c5 11. Rd1 Qc7 12. a4 Rfd8 13. h3 h6 14. Bd2 Rac8 15.
Re1 Nd5 16. Rad1 Nf4 17. Bxf4 Qxf4 18. Ng3 Bxf3 19. Qxf3 Qxf3 20. gxf3 cxd4 21.
cxd4 Nf6 22. Ba6 Rc2 23. b3 Rc3 24. Bc4 Rxf3 25. Re3 Rf4 26. Ne2 Rh4 27. Red3
Nd5 28. Kg2 Bf6 29. Kg3 Nb4 30. R3d2 Rh5 31. Nf4 Rg5+ 32. Kf3 Rf5 33. Kg4 Rg5+
34. Kf3 Nc6 35. d5 Ne5+ 36. Ke4 Nxc4 37. bxc4 Re5+ 38. Kf3 Rf5 39. Kg4 Bg5 40.
Rd4 Bxf4 41. Rxf4 Rg5+ 42. Kf3 exd5 43. Rfd4 Kf8 44. cxd5 Rd6 45. a5 bxa5 46. h4
Rf5+ 47. Kg3 g6 48. f3 a4 49. R1d2 a6 50. Rxa4 h5 51. Ra5 Rdf6 52. Rda2 Rxf3+
53. Kg2 R3f5 54. Rxa6 Rxa6 55. Rxa6 Rxd5 56. Ra8+ Kg7 57. Ra2 Rd4 58. Kg3 Rg4+
59. Kh3 Kh6 60. Rd2 f5 61. Ra2 f4 62. Ra8 Rg3+ 63. Kh2 Kg7 64. Ra7+ Kf6 65. Ra4
Kf5 66. Ra5+ Kg4 67. Ra4 Kxh4 68. Rxf4+ Rg4 69. Rf6 g5 70. Ra6 Re4 71. Kh1 Re1+
72. Kg2 Re2+ 73. Kf3 Rh2 74. Ra3 g4+ 75. Kf4 Rh3 76. Ra5 Rf3+ 77. Ke4 Kg3 78.
Ra1 h4 79. Rg1+ Kh3 80. Ra1 Kg3 81. Rh1 h3 82. Rg1+ Kh4 83. Rxg4+ Kxg4 0-1

[Event "Chess.com SIG Bullet KO"]
[Site "chess.com INT"]
[Date "2021.04.06"]
[Round "1.13"]
[White "Tang, Andrew"]
[Black "Nihal, Sarin"]
[Result "1-0"]
[WhiteTitle "GM"]
[BlackTitle "GM"]
[WhiteElo "2538"]
[BlackElo "2620"]
[WhiteFideId "2059630"]
[BlackFideId "25092340"]
[EventDate "2021.04.06"]

1. d4 Nf6 2. c4 e6 3. Nf3 d5 4. Nc3 dxc4 5. e3 a6 6. Bxc4 b5 7. Bb3 Bb7 8. a4 b4
9. Ne2 Nbd7 10. O-O c5 11. a5 Bd6 12. Ba4 O-O 13. b3 Qc7 14. Ng3 Rad8 15. Bb2 h5
16. Rc1 Qb8 17. h3 cxd4 18. Nxd4 Nc5 19. Nxh5 Nfe4 20. Bc6 Bxc6 21. Qg4 Bh2+ 22.
Kh1 g6 23. Nxc6 Qc7 24. Rxc5 Nxc5 25. Nf6+ Kg7 26. Ne8+ Kg8 27. Nxc7 Bxc7 28.
Qh4 f6 29. Bxf6 Rxf6 30. Qxf6 Rd7 31. Qxg6+ Rg7 32. Qe8+ Kh7 33. Ne7 Rg5 34.
Qf7+ Kh6 35. Qf6+ Kh5 36. g4+ Rxg4 37. hxg4+ Kxg4 38. Kg2 Bg3 39. f3+ Kh5 40.
Qg6+ Kh4 41. Qg4# 1-0

[Event "Chess.com SIG Bullet KO"]
[Site "chess.com INT"]
[Date "2021.04.06"]
[Round "1.14"]
[White "Nihal, Sarin"]
[Black "Tang, Andrew"]
[Result "0-1"]
[WhiteTitle "GM"]
[BlackTitle "GM"]
[WhiteElo "2620"]
[BlackElo "2538"]
[WhiteFideId "25092340"]
[BlackFideId "2059630"]
[EventDate "2021.04.06"]

1. d4 d5 2. Nf3 e6 3. e3 Nf6 4. Nbd2 b6 5. Bd3 Bb7 6. O-O Nbd7 7. Qe2 Be7 8. e4
dxe4 9. Nxe4 O-O 10. Rd1 Qc8 11. Bg5 h6 12. Bxf6 Nxf6 13. Nxf6+ Bxf6 14. Be4 Rd8
15. c3 c6 16. h4 Qc7 17. g3 Rd7 18. Kg2 Rad8 19. Rd2 c5 20. Rad1 cxd4 21. Nxd4
e5 22. Nf3 Rxd2 23. Rxd2 Rxd2 24. Nxd2 Bc8 25. Bd5 Qd7 26. c4 Qh3+ 27. Kg1 Qf5
28. Be4 Qd7 29. Bd5 g6 30. Qf3 Bg7 31. Ne4 Qe7 32. Nd6 Be6 33. Bxe6 Qxe6 34. Qc6
Bf8 35. Qa8 Qxd6 36. Qxa7 Kg7 37. a4 Qd1+ 38. Kg2 Bc5 39. Qb7 Qe2 40. Qf3 Qxb2
41. h5 e4 42. Qf4 Qf6 43. Qxf6+ Kxf6 44. hxg6 fxg6 0-1

[Event "Chess.com SIG Bullet KO"]
[Site "chess.com INT"]
[Date "2021.04.06"]
[Round "1.15"]
[White "Tang, Andrew"]
[Black "Nihal, Sarin"]
[Result "1-0"]
[WhiteTitle "GM"]
[BlackTitle "GM"]
[WhiteElo "2538"]
[BlackElo "2620"]
[WhiteFideId "2059630"]
[BlackFideId "25092340"]
[EventDate "2021.04.06"]

1. d4 Nf6 2. Nf3 e6 3. Bf4 d5 4. e3 Bd6 5. Nbd2 O-O 6. Bd3 c5 7. c3 Qc7 8. Bxd6
Qxd6 9. Ne5 Nbd7 10. f4 b6 11. O-O Bb7 12. Rf3 Ne4 13. Rh3 f5 14. Ndf3 Ndf6 15.
Qe1 a5 16. Qh4 h6 17. g4 fxg4 18. Nxg4 Qe7 19. Nfe5 Qe8 20. Nxh6+ gxh6 21. Qxh6
Nh5 1-0

[Event "Chess.com SIG Bullet KO"]
[Site "chess.com INT"]
[Date "2021.04.06"]
[Round "1.16"]
[White "Nihal, Sarin"]
[Black "Tang, Andrew"]
[Result "1/2-1/2"]
[WhiteTitle "GM"]
[BlackTitle "GM"]
[WhiteElo "2620"]
[BlackElo "2538"]
[WhiteFideId "25092340"]
[BlackFideId "2059630"]
[EventDate "2021.04.06"]

1. d4 d5 2. Nf3 e6 3. e3 Nf6 4. Nbd2 Be7 5. Bd3 O-O 6. O-O b6 7. Qe2 Bb7 8. e4
dxe4 9. Nxe4 Nbd7 10. Rd1 Qc8 11. Bg5 h6 12. Bh4 Re8 13. a4 c5 14. Nxf6+ Bxf6
15. Bxf6 Nxf6 16. c3 Bxf3 17. Qxf3 cxd4 18. cxd4 Qd8 19. Rac1 Qd6 20. Bb5 Red8
21. g3 Rac8 22. b3 Rxc1 23. Rxc1 Qxd4 24. Rc7 a5 25. Bc4 Qe5 26. Rb7 Qc5 27. Kg2
Qd4 28. Rc7 Rf8 29. h3 Ne4 30. Bd3 Nc5 31. Bc4 Ne4 32. Bd3 Nc5 33. Bc4 Ne4 1/2-1/2

[Event "Chess.com SIG Bullet KO"]
[Site "chess.com INT"]
[Date "2021.04.06"]
[Round "1.1"]
[White "Firouzja, Alireza"]
[Black "Artemiev, Vladislav"]
[Result "0-1"]
[WhiteTitle "GM"]
[BlackTitle "GM"]
[WhiteElo "2759"]
[BlackElo "2709"]
[WhiteFideId "12573981"]
[BlackFideId "24101605"]
[EventDate "2021.04.06"]

1. d4 d5 2. Bg5 f6 3. Bh4 Nh6 4. e3 Nf5 5. Bd3 h5 6. Nf3 g5 7. Bxg5 fxg5 8. Nxg5
e5 9. h4 Nxh4 10. Rxh4 Qxg5 11. g3 exd4 12. exd4 Nc6 13. Nc3 Bg4 14. f3 Qe3+ 15.
Qe2 Qxe2+ 0-1

[Event "Chess.com SIG Bullet KO"]
[Site "chess.com INT"]
[Date "2021.04.06"]
[Round "1.2"]
[White "Artemiev, Vladislav"]
[Black "Firouzja, Alireza"]
[Result "1/2-1/2"]
[WhiteTitle "GM"]
[BlackTitle "GM"]
[WhiteElo "2709"]
[BlackElo "2759"]
[WhiteFideId "24101605"]
[BlackFideId "12573981"]
[EventDate "2021.04.06"]

1. b3 e5 2. Bb2 Nc6 3. c4 Nf6 4. Nf3 e4 5. Nd4 Bc5 6. Nf5 O-O 7. e3 d5 8. cxd5
Bxf5 9. dxc6 bxc6 10. Nc3 Re8 11. Be2 Bd6 12. Rc1 h5 13. Bxh5 Nxh5 14. Qxh5 Bg6
15. Qg4 Re5 16. h4 Bh5 17. Qh3 f5 18. f3 exf3 19. gxf3 Qe7 20. Ne2 Ra5 21. Rg1
g6 22. Nd4 Qf6 23. Bc3 Rc5 24. Rg5 Be5 25. Ne2 Bxc3 26. Rxc3 Rxc3 27. Nxc3 Kh7
28. Qg3 Re8 29. Qxc7+ Re7 30. Qf4 Rd7 31. d4 Qe7 32. Rxh5+ gxh5 33. Qxf5+ Kg7
34. Ne4 Qxh4+ 35. Kd2 Rf7 36. Qe5+ Kg6 37. Qe6+ Kg7 38. Qe5+ Kg6 39. Qe6+ Kg7
40. Qe5+ 1/2-1/2

[Event "Chess.com SIG Bullet KO"]
[Site "chess.com INT"]
[Date "2021.04.06"]
[Round "1.3"]
[White "Firouzja, Alireza"]
[Black "Artemiev, Vladislav"]
[Result "0-1"]
[WhiteTitle "GM"]
[BlackTitle "GM"]
[WhiteElo "2759"]
[BlackElo "2709"]
[WhiteFideId "12573981"]
[BlackFideId "24101605"]
[EventDate "2021.04.06"]

1. e4 g6 2. d4 Bg7 3. Nc3 c6 4. Be3 d5 5. Nf3 dxe4 6. Nxe4 Nf6 7. Nxf6+ exf6 8.
c3 O-O 9. Bd3 Nd7 10. O-O Nb6 11. Re1 Nd5 12. Bd2 Re8 13. Qc2 Bg4 14. Be4 f5 15.
Bxd5 Qxd5 16. Ne5 Rad8 17. Bf4 h6 18. h3 Bh5 19. Bg3 g5 20. Qxf5 f6 21. c4 Qxd4
22. Ng4 Bxg4 23. hxg4 Qxc4 24. b3 Qd5 25. Qg6 Qf7 26. Qf5 Rd5 27. Qf3 f5 28.
Rad1 Rxd1 29. Rxd1 f4 30. Bh2 Qe6 31. Kh1 Qe2 32. Bg1 Qxf3 33. gxf3 Kf7 34. Kg2
Re7 35. Kf1 c5 36. Rd5 Rc7 37. Rf5+ Ke6 38. Ke2 b5 39. Kd3 a6 40. Ke4 c4 41.
bxc4 bxc4 0-1

[Event "Chess.com SIG Bullet KO"]
[Site "chess.com INT"]
[Date "2021.04.06"]
[Round "1.4"]
[White "Artemiev, Vladislav"]
[Black "Firouzja, Alireza"]
[Result "1/2-1/2"]
[WhiteTitle "GM"]
[BlackTitle "GM"]
[WhiteElo "2709"]
[BlackElo "2759"]
[WhiteFideId "24101605"]
[BlackFideId "12573981"]
[EventDate "2021.04.06"]

1. Nf3 d5 2. b3 Nf6 3. Bb2 g6 4. c4 c6 5. g3 Bg7 6. Bg2 O-O 7. O-O Re8 8. d3 a5
9. Nbd2 a4 10. b4 Nbd7 11. a3 e5 12. cxd5 cxd5 13. e4 d4 14. Nc4 b5 15. Nd6 Re6
16. Nxc8 Rxc8 17. Bh3 Rec6 18. Rc1 Rxc1 19. Bxc1 Rc6 20. Bg5 Qc7 21. Qd2 Rc3 22.
Rc1 h6 23. Bxh6 Bxh6 24. Rxc3 dxc3 25. Qxh6 c2 26. Qc1 Qc3 27. Ne1 Nb8 28. Kf1
Kg7 29. Bg2 Nfd7 30. Bf3 Nf8 31. Be2 Ne6 32. Qxc2 Qxa3 33. Nf3 Qxb4 34. Nxe5 a3
35. Bg4 Qb2 36. Qc8 Qxe5 37. Bxe6 fxe6 38. Qb7+ Kh6 39. Qc8 a2 40. Qf8+ Kh7 41.
Qe7+ Qg7 42. Qh4+ Kg8 43. Qd8+ Qf8 44. Qa5 Nc6 45. Qxa2 Nd4 46. Qb2 Qf6 47. Qc3
Kg7 48. f4 e5 49. Qc7+ Kh6 50. Qc8 exf4 51. Qh3+ Kg7 52. Qd7+ Kh6 53. Qh3+ Kg7
54. Qd7+ Kf8 55. Qc8+ Kf7 56. Qd7+ Qe7 57. Qxd4 fxg3 58. Qd5+ Qe6 59. Qxe6+ Kxe6
60. hxg3 b4 61. Ke2 Ke5 62. Kd2 Kd4 63. Kc2 g5 64. Kb3 Kxd3 65. e5 Ke4 66. e6
Kf3 67. e7 Kxg3 68. e8=Q g4 69. Qg6 Kh2 70. Kxb4 g3 71. Kc3 Kh3 72. Qh5+ Kg2 73.
Kd2 Kf2 74. Qf5+ Kg1 75. Qg5 g2 76. Ke2 Kh2 77. Qh4+ Kg1 78. Qg3 Kh1 79. Kf3
g1=Q 80. Qh3+ Qh2 81. Qxh2+ Kxh2 1/2-1/2

[Event "Chess.com SIG Bullet KO"]
[Site "chess.com INT"]
[Date "2021.04.06"]
[Round "1.5"]
[White "Firouzja, Alireza"]
[Black "Artemiev, Vladislav"]
[Result "1-0"]
[WhiteTitle "GM"]
[BlackTitle "GM"]
[WhiteElo "2759"]
[BlackElo "2709"]
[WhiteFideId "12573981"]
[BlackFideId "24101605"]
[EventDate "2021.04.06"]

1. d4 g6 2. c4 Bg7 3. Nc3 d6 4. e4 Nc6 5. Nge2 e5 6. d5 Nce7 7. h4 f5 8. h5 f4
9. Ng1 g5 10. Be2 Nh6 11. f3 Bf6 12. Nh3 g4 13. fxg4 Rg8 14. Nf2 Bd7 15. Bf3 Nc8
16. Qe2 Bh4 17. Kd1 Bxf2 18. Qxf2 Nxg4 19. Qe2 Qg5 20. Kc2 Ne7 21. Bd2 O-O-O 22.
Rac1 Kb8 23. Kb1 c5 24. a3 Rc8 25. Ka1 Rc7 26. Rb1 Nf6 27. Be1 Bg4 28. Bh4 Qh6
29. Nb5 Rd7 30. b4 cxb4 31. Rxb4 Bxf3 32. gxf3 Rc8 33. Rhb1 Ne8 34. Nc3 Qxh5 35.
Qb2 Rcc7 36. Bf2 Qxf3 37. Nb5 Rc5 38. Nxd6 Nxd6 39. Bxc5 b6 40. Bxd6+ Rxd6 41.
c5 Rg6 42. cxb6 a5 43. Qxe5+ Kb7 44. Qc7+ 1-0